[Event "Rated Blitz game"]
[Site "?"]
[Date "2021.05.22"]
[Round "?"]
[White "Kitikites"]
[Black "KinzyabulatovRenat"]
[Result "1-0"]
[WhiteElo "2564"]
[BlackElo "2439"]
[PlyCount "79"]
[EventDate "2021.??.??"]
[EventType "blitz"]

1. e4 e5 2. Nf3 d5 3. Nc3 d4 4. Ne2 Bd6 5. d3 Ne7 6. g3 O-O 7. Bg2 c5 8. O-O
Nbc6 9. c3 Bg4 10. h3 Be6 11. Ng5 Bd7 12. f4 f6 13. Nf3 Qc8 14. f5 g6 15. g4
gxf5 16. gxf5 Kh8 17. Kh2 Rg8 18. c4 Qe8 19. Ng3 Qf7 20. Bd2 Rg7 21. Be1 Rag8
22. Nh4 Nc8 23. a3 Bf8 24. b3 Rg5 25. Bf3 Bh6 26. Bh5 Qg7 27. Rg1 Nd6 28. Ra2
Be8 29. Bxe8 Nxe8 30. Rag2 Nd6 31. Nf3 Nf7 32. Nxg5 Bxg5 33. Nh5 Qh6 34. Bd2
Ne7 35. Bxg5 Rxg5 36. Rxg5 Nxg5 37. Qg4 a6 38. h4 Nf7 39. Qg7+ Qxg7 40. Rxg7 {
Normal} 1-0

[Event "Rated Blitz game"]
[Site "?"]
[Date "2021.05.22"]
[Round "?"]
[White "FdoVzla1986"]
[Black "KinzyabulatovRenat"]
[Result "1-0"]
[WhiteElo "2443"]
[BlackElo "2436"]
[PlyCount "115"]
[EventDate "2021.??.??"]
[EventType "blitz"]

1. e4 e5 2. Nf3 d5 3. d4 dxe4 4. Nxe5 Bd6 5. Bc4 Bxe5 6. dxe5 Qxd1+ 7. Kxd1 Nc6
8. Re1 Bg4+ 9. Be2 O-O-O+ 10. Nd2 Nxe5 11. h3 Be6 12. b3 Ne7 13. Bb2 N7c6 14.
Bb5 f5 15. Kc1 Nd4 16. Bf1 Rhe8 17. a4 Rd7 18. Bc3 Red8 19. Kb2 Nec6 20. Nc4 a6
21. g4 g6 22. gxf5 gxf5 23. Re3 Nf3 24. Be2 Ncd4 25. a5 Nxe2 26. Rxe2 Bxc4 27.
bxc4 Rd1 28. Ra4 Rh1 29. c5 Rxh3 30. c6 Rd5 31. cxb7+ Kxb7 32. Bf6 h5 33. Ra1
Rh2 34. Kc3 Rg2 35. Rb1+ Rb5 36. Rxb5+ axb5 37. Kb4 Ka6 38. Bd8 c6 39. c4 bxc4
40. Kc5 h4 41. Rb2 Rg8 42. Rb6+ Ka7 43. Bc7 Rc8 44. Rxc6 Ne5 45. Bb6+ Kb7 46.
Rxc8 Kxc8 47. Kd6 Nd3 48. a6 Nb4 49. a7 Kb7 50. Bc5 Na6 51. Ke5 h3 52. f3 h2
53. fxe4 h1=Q 54. exf5 Qc6 55. Bd4 Nc5 56. Kf4 Qf6 57. Kg4 Nd3 58. Kf3 {
Time forfeit} 1-0

[Event "Rated Blitz game"]
[Site "?"]
[Date "2021.05.22"]
[Round "?"]
[White "SFA_Gang"]
[Black "Fantastic_power06"]
[Result "0-1"]
[WhiteElo "2640"]
[BlackElo "2706"]
[PlyCount "28"]
[EventDate "2021.??.??"]
[EventType "blitz"]

1. e4 e5 2. Nf3 d5 3. exd5 e4 4. Ne5 Qxd5 5. d4 exd3 6. Nxd3 Nf6 7. Nc3 Qf5 8.
Be3 Nc6 9. Qd2 Be6 10. O-O-O O-O-O 11. h3 Qa5 12. Kb1 Ne4 13. Qe1 Nxc3+ 14.
Qxc3 Bb4 {Normal} 0-1

[Event "Rated Blitz game"]
[Site "?"]
[Date "2021.05.22"]
[Round "?"]
[White "SFA_Gang"]
[Black "Fantastic_power06"]
[Result "0-1"]
[WhiteElo "2631"]
[BlackElo "2715"]
[PlyCount "50"]
[EventDate "2021.??.??"]
[EventType "blitz"]

1. e4 e5 2. Nf3 d5 3. d4 dxe4 4. Nxe5 Bd6 5. Nc4 Nc6 6. Nxd6+ Qxd6 7. c3 Nf6 8.
Na3 Be6 9. Nc4 Qd7 10. Bg5 Nd5 11. Qc2 f5 12. Ne3 h6 13. Nxd5 hxg5 14. Ne3
O-O-O 15. d5 Bxd5 16. O-O-O Qf7 17. Rxd5 Rxd5 18. Bc4 Ne7 19. g4 g6 20. Nxd5
Nxd5 21. f3 exf3 22. Rd1 Rd8 23. h3 fxg4 24. Qd2 g3 25. Qxg5 Qf4+ {Normal} 0-1

[Event "Rated Blitz tournament kJwk8aAj"]
[Site "?"]
[Date "2021.05.22"]
[Round "?"]
[White "bonbonchristhov"]
[Black "om_gendut"]
[Result "1/2-1/2"]
[WhiteElo "2401"]
[BlackElo "2420"]
[PlyCount "103"]
[EventDate "2021.??.??"]
[EventType "blitz"]

1. e4 e5 2. Nf3 d5 3. d4 dxe4 4. Nxe5 Bd6 5. Qh5 g6 6. Qe2 Qe7 7. Nc4 f5 8.
Nxd6+ cxd6 9. h4 Nf6 10. Nc3 Qf7 11. Bg5 O-O 12. Bxf6 Qxf6 13. h5 g5 14. O-O-O
Nc6 15. Qb5 a6 16. Qd5+ Be6 17. Qxd6 Rad8 18. Qc5 Rxd4 19. Rxd4 Qxd4 20. Qxd4
Nxd4 21. h6 Kf7 22. Be2 Rd8 23. Bh5+ Kf6 24. b3 Rc8 25. Kb2 b5 26. a3 a5 27.
Rd1 Ke5 28. Rxd4 Kxd4 29. Nxb5+ Ke5 30. c4 a4 31. Be2 axb3 32. Kxb3 f4 33. Kb4
f3 34. gxf3 exf3 35. Bd3 g4 36. c5 Kf4 37. Bxh7 Rh8 38. Bd3 Rxh6 39. c6 Rh8 40.
a4 g3 41. fxg3+ Kxg3 42. a5 Bc8 43. Kc5 Kg2 44. Kb6 Rd8 45. Bc4 f2 46. a6 Bxa6
47. Kxa6 f1=Q 48. Bxf1+ Kxf1 49. Kb7 Rh8 50. Kb6 Rh6 51. Kb7 Rxc6 52. Kxc6 {
Normal} 1/2-1/2

[Event "Rated Blitz game"]
[Site "?"]
[Date "2021.05.22"]
[Round "?"]
[White "kintoho"]
[Black "annaly1979"]
[Result "1-0"]
[WhiteElo "2533"]
[BlackElo "2402"]
[PlyCount "85"]
[EventDate "2021.??.??"]
[EventType "blitz"]

1. e4 e5 2. Nf3 d5 3. d4 dxe4 4. Nxe5 Bd6 5. Nc4 Nf6 6. Nc3 h6 7. Nxd6+ cxd6 8.
d5 O-O 9. h3 Bf5 10. Be3 Nbd7 11. Be2 a6 12. O-O Nb8 13. f3 Bg6 14. f4 Nbd7 15.
f5 Bh7 16. g4 Ne5 17. Bf4 Nfd7 18. Qd2 Qh4 19. Kg2 Rac8 20. Nxe4 Qe7 21. Ng3 b5
22. Rae1 g6 23. c3 gxf5 24. Bxh6 fxg4 25. hxg4 Bg6 26. Bxf8 Rxf8 27. Rh1 Nc5
28. Qh6 Qf6 29. Nh5 Qh8 30. Qxh8+ Kxh8 31. Nf4+ Kg7 32. Nxg6 fxg6 33. Ref1 Re8
34. Rf2 Ne4 35. Rf4 Ng5 36. Rhf1 Nc4 37. Bxc4 bxc4 38. Rxc4 Re2+ 39. Rf2 Re5
40. Rc7+ Kg8 41. c4 Re4 42. Kg3 Re3+ 43. Kf4 {Normal} 1-0

[Event "Rated Blitz game"]
[Site "?"]
[Date "2021.05.22"]
[Round "?"]
[White "rio_pecos"]
[Black "annaly1979"]
[Result "1-0"]
[WhiteElo "2458"]
[BlackElo "2422"]
[PlyCount "33"]
[EventDate "2021.??.??"]
[EventType "blitz"]

1. e4 e5 2. Nf3 d5 3. Nxe5 Qe7 4. d4 f6 5. Ng4 Nc6 6. Nc3 dxe4 7. Bb5 a6 8. Bc4
f5 9. Ne3 Nf6 10. Ned5 Nxd5 11. Nxd5 Qf7 12. Nb6 Qe7 13. Nxa8 Qb4+ 14. Bd2 Qxc4
15. Nxc7+ Kd7 16. d5 Qxd5 17. Nxd5 {Normal} 1-0

[Event "Rated Blitz tournament eh3k6WQ5"]
[Site "?"]
[Date "2021.05.22"]
[Round "?"]
[White "serdar03_1"]
[Black "annaly1979"]
[Result "1-0"]
[WhiteElo "2426"]
[BlackElo "2465"]
[PlyCount "95"]
[EventDate "2021.??.??"]
[EventType "blitz"]

1. e4 e5 2. Nf3 d5 3. Nxe5 Qe7 4. Nf3 dxe4 5. Nd4 f5 6. Be2 Nf6 7. O-O c5 8.
Nb3 Nc6 9. d3 Be6 10. Nc3 exd3 11. cxd3 O-O-O 12. Qc2 Nb4 13. Qb1 Ng4 14. a3
Nc6 15. h3 Bxb3 16. hxg4 fxg4 17. Bxg4+ Be6 18. Re1 Nd4 19. Nb5 Qd7 20. Bxe6
Nxe6 21. Nxa7+ Kb8 22. Nb5 Qxb5 23. Rxe6 Bd6 24. Qc2 Rhe8 25. Rxe8 Rxe8 26. Be3
Re6 27. Rc1 b6 28. b4 Rg6 29. Kf1 Qc6 30. f3 Qe8 31. bxc5 Bg3 32. cxb6 Kb7 33.
Qc5 Qd7 34. Qc4 Re6 35. Bd4 Qe8 36. Qd5+ Ka6 37. Qc4+ Kb7 38. Qd5+ Ka6 39. Bc3
Re2 40. Qc4+ Kb7 41. Rb1 Rf2+ 42. Kg1 Re2 43. Qd5+ Ka6 44. b7 Qe3+ 45. Kh1 Qh6+
46. Qh5 Qxh5+ 47. Kg1 Qh2+ 48. Kf1 {Time forfeit} 1-0

[Event "Rated Blitz game"]
[Site "?"]
[Date "2021.05.22"]
[Round "?"]
[White "mezat"]
[Black "KinzyabulatovRenat"]
[Result "1-0"]
[WhiteElo "2632"]
[BlackElo "2453"]
[PlyCount "37"]
[EventDate "2021.??.??"]
[EventType "blitz"]

1. e4 e5 2. Nf3 d5 3. d4 dxe4 4. Nxe5 Bd6 5. Bf4 Nf6 6. Bc4 O-O 7. O-O c6 8.
Nc3 Nd5 9. Nxd5 cxd5 10. Bxd5 Bxe5 11. dxe5 Qb6 12. Bxe4 Nc6 13. Qh5 g6 14. Qh6
Qxb2 15. Bxc6 bxc6 16. Rfe1 Re8 17. Bg5 Qa3 18. Re3 Bf5 19. Rxa3 {Normal} 1-0

[Event "Rated Blitz game"]
[Site "?"]
[Date "2021.05.22"]
[Round "?"]
[White "AGM_Marc_Paraguya"]
[Black "KamranShirazi"]
[Result "1-0"]
[WhiteElo "2439"]
[BlackElo "2518"]
[PlyCount "41"]
[EventDate "2021.??.??"]
[EventType "blitz"]

1. e4 e5 2. Nf3 d5 3. exd5 e4 4. Qe2 Nf6 5. Nc3 Be7 6. Nxe4 Nxd5 7. Qd1 O-O 8.
d3 f5 9. Nc3 Bb4 10. Bd2 Re8+ 11. Be2 Bxc3 12. bxc3 Qf6 13. O-O Nxc3 14. Bxc3
Qxc3 15. Rb1 Nc6 16. Rb3 Qa5 17. d4 b6 18. Bc4+ Kh8 19. Ng5 h6 20. Qh5 Bd7 21.
Qg6 {Normal} 1-0

[Event "Rated Blitz game"]
[Site "?"]
[Date "2021.05.22"]
[Round "?"]
[White "Banzeus"]
[Black "KinzyabulatovRenat"]
[Result "1/2-1/2"]
[WhiteElo "2595"]
[BlackElo "2437"]
[PlyCount "116"]
[EventDate "2021.??.??"]
[EventType "blitz"]

1. e4 e5 2. Nf3 d5 3. d4 dxe4 4. Nxe5 Bd6 5. Bc4 Bxe5 6. Qh5 Qe7 7. Qxe5 Qxe5
8. dxe5 Nc6 9. Nc3 Nxe5 10. Bb3 f5 11. Bf4 Nc6 12. Nd5 Kf8 13. Nxc7 Rb8 14.
O-O-O Nf6 15. Ne6+ Bxe6 16. Bxe6 Rd8 17. Rxd8+ Nxd8 18. Bd6+ Ke8 19. Bxf5 g6
20. Bh3 Kf7 21. Be5 Re8 22. Bxf6 Kxf6 23. Rd1 Nc6 24. Rd7 Re7 25. Rxe7 Nxe7 26.
Kd2 Ke5 27. c4 Kd4 28. b3 b6 29. Be6 a5 30. h4 h6 31. a3 g5 32. h5 Nc6 33. Bd5
Ne5 34. b4 axb4 35. axb4 Nxc4+ 36. Bxc4 Kxc4 37. Ke3 Kxb4 38. Kxe4 Kc3 39. f4
gxf4 40. Kxf4 b5 41. g4 b4 42. g5 hxg5+ 43. Kxg5 b3 44. h6 b2 45. h7 b1=Q 46.
h8=Q+ Kd2 47. Qh2+ Kc3 48. Qc7+ Kb2 49. Qb6+ Kc1 50. Qg1+ Kb2 51. Qf2+ Ka1 52.
Qd4+ Qb2 53. Qd1+ Qb1 54. Qa4+ Qa2 55. Qd4+ Qb2 56. Qd1+ Qb1 57. Qa4+ Qa2 58.
Qxa2+ Kxa2 {Normal} 1/2-1/2

[Event "Rated Blitz game"]
[Site "?"]
[Date "2021.05.22"]
[Round "?"]
[White "jbTraining"]
[Black "KinzyabulatovRenat"]
[Result "0-1"]
[WhiteElo "2471"]
[BlackElo "2433"]
[PlyCount "56"]
[EventDate "2021.??.??"]
[EventType "blitz"]

1. e4 e5 2. Nf3 d5 3. exd5 e4 4. Ne5 Qxd5 5. d4 exd3 6. Nxd3 Nc6 7. Nc3 Qa5 8.
Be2 Bf5 9. O-O O-O-O 10. Bd2 Nd4 11. Bg4 Nf6 12. Bxf5+ Qxf5 13. Ne1 Bc5 14. a3
Ng4 15. b4 Bb6 16. Na4 Rhe8 17. Nxb6+ axb6 18. Be3 Nb3 19. cxb3 Rxd1 20. Rxd1
Nxe3 21. fxe3 Qe6 22. Rd3 Rd8 23. Rc3 Rd1 24. Nf3 Rxf1+ 25. Kxf1 Qf6 26. Rd3
Qa1+ 27. Kf2 Qxa3 28. Ne5 Qb2+ {Normal} 0-1

[Event "Rated Blitz tournament eh3k6WQ5"]
[Site "?"]
[Date "2021.05.22"]
[Round "?"]
[White "Atahan_2006"]
[Black "Arkadag2020"]
[Result "1/2-1/2"]
[WhiteElo "2500"]
[BlackElo "2550"]
[PlyCount "216"]
[EventDate "2021.??.??"]
[EventType "blitz"]

1. e4 e5 2. Nf3 d5 3. exd5 e4 4. Qe2 Be7 5. Qxe4 Nf6 6. Qa4+ c6 7. Nc3 O-O 8.
dxc6 Nxc6 9. Bb5 Bd7 10. O-O a6 11. Bxc6 Bxc6 12. Qf4 Bd6 13. Qf5 g6 14. Qh3
Bd7 15. Qh6 Ng4 16. Qg5 Bxh2+ 17. Kh1 Qxg5 18. Nxg5 Bf4 19. d4 Bxc1 20. Raxc1
Rac8 21. Nd5 Kg7 22. Kg1 h6 23. Nf3 Bc6 24. Ne7 Rc7 25. Nxc6 Rxc6 26. Ne5 Nxe5
27. dxe5 Rfc8 28. c3 Rc5 29. Rfe1 Re8 30. f4 g5 31. g3 Kg6 32. Kf2 gxf4 33.
gxf4 Kf5 34. Kf3 Rc4 35. Kg3 Rxf4 36. Rf1 Rg8+ 37. Kh3 Rg7 38. Rxf4+ Kxf4 39.
Re1 Kf5 40. c4 Ke6 41. b4 Rg5 42. c5 Rxe5 43. Rd1 Re3+ 44. Kg2 Re2+ 45. Kf3
Rxa2 46. Rd6+ Ke7 47. Rxh6 Rb2 48. Rb6 f6 49. Rxb7+ Ke6 50. Rb6+ Ke5 51. Ke3
Rb3+ 52. Kd2 f5 53. Kc2 Rh3 54. Rxa6 f4 55. Ra8 f3 56. Re8+ Kd4 57. c6 f2 58.
Rf8 Rc3+ 59. Kb2 Rxc6 60. Rxf2 Rb6 61. Kb3 Kd5 62. Rc2 Ra6 63. b5 Ra1 64. Kb4
Kd6 65. Rc6+ Kd7 66. Rc3 Rb1+ 67. Ka5 Ra1+ 68. Kb6 Rb1 69. Ka6 Rb2 70. b6 Ra2+
71. Kb7 Rb2 72. Ka7 Ra2+ 73. Kb8 Rb2 74. b7 Kd6 75. Kc8 Rb5 76. b8=Q+ Rxb8+ 77.
Kxb8 Kd5 78. Rc7 Kd4 79. Kb7 Kd5 80. Rc6 Ke5 81. Kb6 Kd5 82. Kc7 Kd4 83. Rd6+
Ke5 84. Kc6 Ke4 85. Kd7 Ke5 86. Re6+ Kd5 87. Rh6 Ke5 88. Rh5+ Kf4 89. Ke6 Kg4
90. Ra5 Kf4 91. Rb5 Ke3 92. Rb4 Kd3 93. Kd5 Kc3 94. Rg4 Kd2 95. Kc5 Ke3 96. Rh4
Kd3 97. Kd5 Ke3 98. Rh3+ Kf4 99. Rb3 Kf5 100. Rf3+ Kg4 101. Ke4 Kg5 102. Rf8
Kg4 103. Rg8+ Kh5 104. Kf4 Kh6 105. Kf5 Kh7 106. Kf6 Kh6 107. Rg4 Kh5 108. Rh4+
Kxh4 {Normal} 1/2-1/2

[Event "Rated Blitz game"]
[Site "?"]
[Date "2021.05.22"]
[Round "?"]
[White "mezat"]
[Black "Monkey_King"]
[Result "0-1"]
[WhiteElo "2635"]
[BlackElo "2562"]
[PlyCount "54"]
[EventDate "2021.??.??"]
[EventType "blitz"]

1. e4 e5 2. Nf3 d5 3. d4 dxe4 4. Nxe5 Bd6 5. Bf4 Nc6 6. Nxc6 bxc6 7. Bg3 f5 8.
Bxd6 cxd6 9. d5 c5 10. Nc3 Nf6 11. Bc4 O-O 12. O-O f4 13. Qd2 f3 14. g3 Qd7 15.
Rfe1 Qg4 16. Bf1 Bf5 17. Qf4 Qxf4 18. gxf4 Rae8 19. Nb5 Rd8 20. Nxa7 Nh5 21.
Nc6 Rde8 22. a4 Nxf4 23. a5 Rf6 24. a6 Rg6+ 25. Kh1 Bh3 26. Re3 Bxf1 27. Rxf1
Nh3 {Time forfeit} 0-1

[Event "Rated Blitz game"]
[Site "?"]
[Date "2021.05.22"]
[Round "?"]
[White "bloqmayus"]
[Black "annaly1979"]
[Result "0-1"]
[WhiteElo "2488"]
[BlackElo "2432"]
[PlyCount "84"]
[EventDate "2021.??.??"]
[EventType "blitz"]

1. e4 e5 2. Nf3 d5 3. exd5 e4 4. Nd4 c5 5. Nb3 f5 6. c4 Nf6 7. d3 Bd6 8. Nc3
O-O 9. Be2 a6 10. Bg5 Qe8 11. Bxf6 Rxf6 12. dxe4 fxe4 13. Qd2 Bf5 14. g3 Nd7
15. O-O-O Ne5 16. Rde1 Qg6 17. Nd1 Nd3+ 18. Bxd3 exd3 19. Ne3 Be4 20. Rhg1 Raf8
21. f4 b6 22. Kb1 R6f7 23. Ka1 a5 24. Qc3 a4 25. Nd2 a3 26. Qxa3 Rb7 27. Qc3 b5
28. cxb5 Rxb5 29. Nxe4 Qxe4 30. Nc4 Qg6 31. Rd1 Rfb8 32. Qxd3 Qf6 33. Qc3 Qd8
34. Rge1 Be7 35. d6 Bf6 36. Ne5 Rb4 37. d7 h6 38. Qxc5 Rxb2 39. Qd5+ Kh7 40.
Qe4+ Kg8 41. Rb1 Rxa2+ 42. Kxa2 Qa5+ {Normal} 0-1

[Event "Rated Blitz game"]
[Site "?"]
[Date "2021.05.22"]
[Round "?"]
[White "Genghis_K_Imperial"]
[Black "Din-don-dan"]
[Result "1-0"]
[WhiteElo "2403"]
[BlackElo "2404"]
[PlyCount "55"]
[EventDate "2021.??.??"]
[EventType "blitz"]

1. e4 e5 2. Nf3 d5 3. Nxe5 Bd6 4. d4 Nf6 5. exd5 O-O 6. c4 Nbd7 7. Nxd7 Bxd7 8.
Be2 Re8 9. O-O h6 10. Bf3 b6 11. Nc3 g5 12. h3 Qc8 13. Re1 Bf5 14. Rxe8+ Qxe8
15. Nb5 a6 16. Nxd6 cxd6 17. Bd2 Qd7 18. Qb3 b5 19. c5 Ne4 20. Be3 Re8 21. a4
h5 22. axb5 axb5 23. c6 Qe7 24. Bxh5 Bh7 25. Qxb5 f5 26. Qb7 Qf6 27. Bxe8 f4
28. Ra8 {Normal} 1-0

[Event "Rated Blitz game"]
[Site "?"]
[Date "2021.05.22"]
[Round "?"]
[White "stuffings"]
[Black "elcabusin"]
[Result "1-0"]
[WhiteElo "2402"]
[BlackElo "2407"]
[PlyCount "135"]
[EventDate "2021.??.??"]
[EventType "blitz"]

1. e4 e5 2. Nf3 d5 3. exd5 e4 4. Nd4 Qxd5 5. Nb3 Nf6 6. Nc3 Qe5 7. Be2 Bd6 8.
d4 exd3 9. Qxd3 Nc6 10. Nb5 Bf5 11. Nxd6+ cxd6 12. Qd2 O-O 13. O-O Rac8 14. c3
Rfd8 15. h3 d5 16. Re1 Ne4 17. Qf4 Qf6 18. Bf3 Re8 19. Be3 g5 20. Qh2 Qg7 21.
Rad1 Rcd8 22. Nd4 Bg6 23. Nxc6 bxc6 24. Bxa7 h5 25. Bd4 f6 26. Bxe4 Bxe4 27. f3
Bg6 28. Rxe8+ Rxe8 29. Qd6 g4 30. hxg4 hxg4 31. Qxf6 Qxf6 32. Bxf6 Re6 33. Bd4
gxf3 34. gxf3 Bh5 35. Kf2 Kf7 36. Rd3 Bg6 37. Re3 Rd6 38. Re5 Rd8 39. Rg5 Rf8
40. b4 Re8 41. a4 Bd3 42. a5 Bc4 43. Rg7+ Ke6 44. Rc7 Kd6 45. Rb7 Re2+ 46. Kg3
Re8 47. Bc5+ Ke5 48. Rc7 Rg8+ 49. Kf2 Bb5 50. Rb7 Kf4 51. Rf7+ Ke5 52. Rb7 d4
53. cxd4+ Kd5 54. Rd7+ Kc4 55. Rd6 Re8 56. Rf6 Re2+ 57. Kg3 Kb3 58. Kf4 Ka4 59.
Rf5 Rf2 60. Re5 Rxf3+ 61. Kxf3 Bd3 62. Ke3 Be2 63. d5 Bd3 64. dxc6 Ka3 65. Kd4
Kb2 66. Re3 Kb1 67. Rxd3 Kc1 68. Rc3+ {Time forfeit} 1-0

[Event "Rated Blitz game"]
[Site "?"]
[Date "2021.05.22"]
[Round "?"]
[White "profmathe2016"]
[Black "KinzyabulatovRenat"]
[Result "0-1"]
[WhiteElo "2405"]
[BlackElo "2398"]
[PlyCount "54"]
[EventDate "2021.??.??"]
[EventType "blitz"]

1. e4 e5 2. Nf3 d5 3. exd5 e4 4. Ne5 Qxd5 5. d4 exd3 6. Nxd3 Nc6 7. Nc3 Qa5 8.
Be2 Bf5 9. O-O Nf6 10. Bd2 O-O-O 11. Ne4 Qb6 12. Nxf6 gxf6 13. Bc3 Nd4 14. Bg4
Be6 15. Re1 f5 16. Bh3 Bd6 17. Qh5 Rhg8 18. Kh1 Nxc2 19. Rxe6 fxe6 20. Rc1 Nd4
21. Qxh7 Ne2 22. Rd1 Nxc3 23. bxc3 Rh8 24. Qf7 Rxh3 25. Qxe6+ Kb8 26. gxh3 Qc6+
27. Kg1 Bxh2+ {Normal} 0-1

[Event "Rated Blitz game"]
[Site "?"]
[Date "2021.05.22"]
[Round "?"]
[White "FdoVzla1986"]
[Black "manuppd"]
[Result "0-1"]
[WhiteElo "2449"]
[BlackElo "2376"]
[PlyCount "62"]
[EventDate "2021.??.??"]
[EventType "blitz"]

1. e4 e5 2. Nf3 d5 3. d4 dxe4 4. Nxe5 Nf6 5. Bc4 Be6 6. Bxe6 fxe6 7. Bg5 Be7 8.
Bxf6 Bxf6 9. Nc3 Bxe5 10. dxe5 Qh4 11. g3 Qg5 12. Qe2 Qxe5 13. O-O-O O-O 14.
Nxe4 Nc6 15. f4 Qa5 16. Kb1 e5 17. Qc4+ Kh8 18. Ng5 h6 19. Rd5 Qb6 20. Ne6 Rf6
21. Rb5 Qf2 22. Rf1 Qxh2 23. Nxg7 Kxg7 24. Rxb7 Rc8 25. Rd1 Qxg3 26. a3 Qxf4
27. Rd7+ Kg6 28. Qd3+ e4 29. Qh3 Qf1+ 30. Qxf1 Rxf1+ 31. Ka2 e3 {Time forfeit}
0-1

[Event "Rated Blitz game"]
[Site "?"]
[Date "2021.05.22"]
[Round "?"]
[White "koromarbel"]
[Black "annaly1979"]
[Result "1-0"]
[WhiteElo "2472"]
[BlackElo "2441"]
[PlyCount "41"]
[EventDate "2021.??.??"]
[EventType "blitz"]

1. e4 e5 2. Nf3 d5 3. exd5 e4 4. Qe2 f5 5. d3 Nf6 6. dxe4 fxe4 7. Bg5 Be7 8.
Bxf6 Bxf6 9. Qxe4+ Kf7 10. Nd4 Re8 11. Ne6 Bxe6 12. dxe6+ Kg8 13. Bc4 Bxb2 14.
e7+ Kh8 15. exd8=Q Rxd8 16. Nd2 Bxa1 17. O-O Nc6 18. Rxa1 Rxd2 19. Bd3 g6 20.
Rb1 Rf8 21. f3 {Normal} 1-0

[Event "Rated Blitz game"]
[Site "?"]
[Date "2021.05.22"]
[Round "?"]
[White "ZenModeChess"]
[Black "KinzyabulatovRenat"]
[Result "1-0"]
[WhiteElo "2462"]
[BlackElo "2456"]
[PlyCount "115"]
[EventDate "2021.??.??"]
[EventType "blitz"]

1. e4 e5 2. Nf3 d5 3. exd5 e4 4. Qe2 Nf6 5. d3 Qxd5 6. Nbd2 Nc6 7. dxe4 Qh5 8.
Qb5 Bc5 9. Nb3 Nxe4 10. Be3 a6 11. Qc4 Bb4+ 12. c3 Nd6 13. Qe2 O-O 14. cxb4
Nxb4 15. a3 Nc6 16. O-O-O Re8 17. Kb1 Bf5+ 18. Ka1 Qg4 19. Nbd4 Be4 20. h3 Qh5
21. Nxc6 Bxc6 22. Nd4 Qa5 23. Nxc6 bxc6 24. Qd2 Qa4 25. Bd3 Rab8 26. Qc2 Rb3
27. Bc5 Re5 28. Bxd6 cxd6 29. Qc4 Rxa3+ 30. bxa3 Qxa3+ 31. Qa2 Qc3+ 32. Qb2
Qa5+ 33. Kb1 g6 34. Qb8+ Kg7 35. Qb2 f6 36. f4 Rc5 37. Rhe1 Kf7 38. Qb3+ d5 39.
Rc1 Kg7 40. Rxc5 Qxe1+ 41. Rc1 Qe3 42. Qc2 Qxf4 43. Bxa6 Qb4+ 44. Qb2 Qa5 45.
Be2 c5 46. Bd1 c4 47. Bc2 d4 48. Rd1 d3 49. Qb7+ Kh6 50. Bxd3 cxd3 51. Rxd3 Qe5
52. Kc2 Qe2+ 53. Rd2 Qc4+ 54. Kd1 Qb4 55. Kc2 Qxb7 56. Rd3 Qc7+ 57. Kd2 Qf4+
58. Re3 {Time forfeit} 1-0

[Event "Rated Blitz game"]
[Site "?"]
[Date "2021.05.22"]
[Round "?"]
[White "Jugu83"]
[Black "KinzyabulatovRenat"]
[Result "0-1"]
[WhiteElo "2449"]
[BlackElo "2432"]
[PlyCount "34"]
[EventDate "2021.??.??"]
[EventType "blitz"]

1. e4 e5 2. Nf3 d5 3. d4 dxe4 4. Nxe5 Bd6 5. Nc4 Nf6 6. Nc3 O-O 7. Be2 Bb4 8.
O-O Bxc3 9. bxc3 Nd5 10. f3 Nxc3 11. Qd2 Nxe2+ 12. Qxe2 Qxd4+ 13. Be3 exf3 14.
Bxd4 fxe2 15. Rfe1 Nc6 16. Bc3 Re8 17. Kf2 Bf5 {Normal} 0-1

[Event "Rated Blitz game"]
[Site "?"]
[Date "2021.05.22"]
[Round "?"]
[White "AGM_Marc_Paraguya"]
[Black "KamranShirazi"]
[Result "1-0"]
[WhiteElo "2421"]
[BlackElo "2535"]
[PlyCount "135"]
[EventDate "2021.??.??"]
[EventType "blitz"]

1. e4 e5 2. Nf3 d5 3. exd5 e4 4. Qe2 Nf6 5. Nc3 Be7 6. Nxe4 Nxd5 7. Qc4 O-O 8.
Nc3 Nb4 9. Qb3 Be6 10. Qa4 c6 11. a3 b5 12. Nxb5 cxb5 13. Bxb5 a6 14. Be2 Nd5
15. O-O Nd7 16. d4 N7b6 17. Qa5 Bd6 18. c4 Nf4 19. Bxf4 Bxf4 20. d5 Bg4 21. Qc3
Re8 22. Rfe1 Rc8 23. Qd4 Bxf3 24. Bxf3 Rxe1+ 25. Rxe1 Bd6 26. b3 Bxa3 27. g3
Bc5 28. Qe4 g6 29. Kg2 Qf6 30. h4 h5 31. Qe5 Nd7 32. Qxf6 Nxf6 33. Ra1 Ra8 34.
Ra4 a5 35. d6 Ra7 36. Bc6 Bxd6 37. f4 Bb4 38. Bf3 Rd7 39. Ra2 Rd3 40. Rc2 Ng4
41. Bxg4 hxg4 42. c5 Rd7 43. c6 Rc7 44. Rc4 f5 45. Kf2 Kf7 46. Ke3 Ke6 47. Kd4
Kd6 48. h5 Rxc6 49. Rxc6+ Kxc6 50. hxg6 Bf8 51. Ke5 Kb5 52. Kxf5 Kb4 53. Ke6
Kxb3 54. f5 Bh6 55. f6 a4 56. g7 a3 57. g8=Q a2 58. Kf5+ Kb2 59. Qxa2+ Kxa2 60.
Kxg4 Kb3 61. Kf5 Kc4 62. g4 Kd5 63. g5 Bf8 64. g6 Bd6 65. g7 Kd4 66. g8=Q Kc5
67. Qe6 Bc7 68. f7 {Time forfeit} 1-0

[Event "Rated Blitz game"]
[Site "?"]
[Date "2021.05.22"]
[Round "?"]
[White "maratgil"]
[Black "KinzyabulatovRenat"]
[Result "1-0"]
[WhiteElo "2408"]
[BlackElo "2404"]
[PlyCount "91"]
[EventDate "2021.??.??"]
[EventType "blitz"]

1. e4 e5 2. Nf3 d5 3. Nxe5 Bd6 4. d4 dxe4 5. Nc4 Nf6 6. Nxd6+ Qxd6 7. c3 O-O 8.
Be3 Nd5 9. Be2 f5 10. O-O f4 11. Bc1 f3 12. Bc4 c6 13. Re1 Qg6 14. g3 Nd7 15.
Be3 N7f6 16. Nd2 b5 17. Bf1 Ng4 18. Qb3 Kh8 19. c4 Ndxe3 20. Rxe3 Qh6 21. h4
Nxe3 22. Qxe3 Qxe3 23. fxe3 Bf5 24. cxb5 cxb5 25. Kf2 a6 26. Nb3 Rac8 27. Nc5
Rc6 28. Rc1 Rfc8 29. Ke1 h6 30. Kd2 g5 31. h5 Kg7 32. b4 Kf6 33. Ke1 g4 34. Kf2
Kg5 35. d5 R6c7 36. d6 Rc6 37. d7 Bxd7 38. Nxe4+ Kxh5 39. Nc5 Bf5 40. a3 Kg5
41. Rd1 Rxc5 42. Bc4 Rxc4 43. e4 Rc2+ 44. Ke3 R8c3+ 45. Kd4 Rc4+ 46. Ke5 {
Time forfeit} 1-0

[Event "Rated Blitz game"]
[Site "?"]
[Date "2021.05.22"]
[Round "?"]
[White "Din-don-dan"]
[Black "Magical_Cat"]
[Result "1-0"]
[WhiteElo "2381"]
[BlackElo "2487"]
[PlyCount "77"]
[EventDate "2021.??.??"]
[EventType "blitz"]

1. e4 e5 2. Nf3 d5 3. exd5 e4 4. Ne5 Qxd5 5. d4 exd3 6. Nxd3 Nc6 7. Nc3 Qa5 8.
Bd2 Be6 9. Be2 Nf6 10. O-O Bd6 11. Bf3 O-O 12. Ne4 Qf5 13. Nxd6 cxd6 14. Re1
Nd4 15. Re3 Rac8 16. Bc3 Nc6 17. Qe2 Rfd8 18. Re1 h6 19. h3 Bd5 20. Bxf6 Bxf3
21. Rxf3 Qxf6 22. Rxf6 gxf6 23. Qh5 Ne5 24. Qxh6 Ng6 25. c3 Re8 26. Rxe8+ Rxe8
27. h4 Re6 28. h5 Nf8 29. Qf4 Nh7 30. Qf3 b6 31. Qa8+ Kg7 32. Qxa7 d5 33. Qb7
Rd6 34. Qc7 Re6 35. Qd7 Ng5 36. Qxd5 Re2 37. f4 Ne6 38. Qf3 Rxb2 39. Nxb2 {
Normal} 1-0

[Event "Rated Blitz game"]
[Site "?"]
[Date "2021.05.22"]
[Round "?"]
[White "Udemzo"]
[Black "KinzyabulatovRenat"]
[Result "1-0"]
[WhiteElo "2453"]
[BlackElo "2424"]
[PlyCount "91"]
[EventDate "2021.??.??"]
[EventType "blitz"]

1. e4 e5 2. Nf3 d5 3. exd5 e4 4. Qe2 Nf6 5. d3 Qxd5 6. Nbd2 Nc6 7. Nxe4 Be6 8.
Nc3 Qa5 9. Bd2 Bb4 10. a3 O-O-O 11. Qd1 Bd6 12. Be2 Qh5 13. O-O Bg4 14. g3 Rhe8
15. Re1 Rxe2 16. Qxe2 Bxf3 17. Qf1 Ng4 18. h4 f6 19. Ne4 Be5 20. c3 g5 21. Qh3
Rxd3 22. Bc1 h6 23. Nc5 Rd8 24. Nb3 Qf7 25. Nd2 Bd5 26. Qxg4+ Kb8 27. h5 f5 28.
Qh3 f4 29. g4 Bd6 30. Nf3 Na5 31. Bd2 Nb3 32. Rad1 Bc6 33. Bc1 Nxc1 34. Rxc1
Qd5 35. Nd4 Bd7 36. f3 c5 37. Nf5 Bc6 38. Rcd1 Qxf3 39. Qxf3 Bxf3 40. Rxd6 Rc8
41. Nxh6 Kc7 42. Rg6 c4 43. Re7+ Kb8 44. Rxg5 Rd8 45. Rgg7 Bc6 46. Nf5 {
Time forfeit} 1-0